[Event "64 Villalba CC op 10th"]
[Site "Collado Villalba ESP"]
[Date "2025.08.09"]
[Round "6.12"]
[White "Perez Gutierrez, Jose Antonio"]
[Black "Pastor Alonso De Prado, Alberto"]
[Result "0-1"]
[WhiteElo "1725"]
[BlackElo "2003"]
[WhiteFideId "-1"]
[BlackFideId "-1"]
[PlyCount "50"]
[GameId "2215600260673827"]
[EventDate "2025.08.04"]
[EventType "swiss"]
[EventRounds "9"]
[EventCountry "ESP"]
[SourceTitle "Ajedrez en Madrid"]
[Source "lmi"]
[SourceDate "2025.08.04"]
[SourceVersion "1"]
[SourceVersionDate "2025.12.11"]
[SourceQuality "1"]

1. c4 b6 2. Nf3 Bb7 3. Nc3 Nf6 4. Qc2 c5 5. d4 cxd4 6. Nxd4 e6 7. Bf4 a6 8. e4 d6 9. Bg5 Nbd7 10. Be2 Be7 11. O-O Qc7 12. f3 O-O 13. b3 Rfe8 14. Be3 Rac8 15. Rac1 d5 16. Bd3 e5 17. exd5 exd4 18. Bxd4 Bc5 19. Bf2 Bxf2+ 20. Rxf2 g6 21. h3 Qf4 22. Ne2 Qe3 23. Ng3 Nxd5 24. Ne4 Nb4 25. Nd6 Nxc2 0-1

[Event "64 Villalba CC op 10th"]
[Site "Collado Villalba ESP"]
[Date "2025.08.09"]
[Round "6.13"]
[White "Lopez de Turiso, Jose Angel"]
[Black "Aguilar Alvarez, Christoph Sebastian"]
[Result "1-0"]
[WhiteElo "1975"]
[BlackElo "1734"]
[WhiteFideId "-1"]
[BlackFideId "-1"]
[PlyCount "70"]
[GameId "2251260252786899"]
[EventDate "2025.08.04"]
[EventType "swiss"]
[EventRounds "9"]
[EventCountry "ESP"]
[SourceTitle "Ajedrez en Madrid"]
[Source "lmi"]
[SourceDate "2025.08.04"]
[SourceVersion "1"]
[SourceVersionDate "2025.12.11"]
[SourceQuality "1"]

1. e4 c6 2. d4 d5 3. exd5 cxd5 4. c4 e6 5. Nc3 Nf6 6. Bg5 Be7 7. Nf3 Nc6 8. Be2 dxc4 9. Bxc4 Nd5 10. Bxe7 Qxe7 11. O-O Nxc3 12. bxc3 O-O 13. Re1 Qc7 14. Qd3 Bd7 15. Ng5 g6 16. Qh3 h5 17. Qh4 Ne7 18. Bd3 Qxc3 19. Rad1 Ba4 20. Ne4 Qc8 21. Qxe7 Bxd1 22. Rxd1 Qd8 23. Qc5 b6 24. Qe5 Kh7 25. Nf6+ Kh6 26. h4 Rh8 27. Be2 Qf8 28. Bxh5 Rd8 29. Bf3 Qd6 30. Qg5+ Kg7 31. Ne4 Qd5 32. Qf6+ Kg8 33. Ng5 Qd7 34. g3 Rc8 35. d5 exd5 1-0

[Event "64 Villalba CC op 10th"]
[Site "Collado Villalba ESP"]
[Date "2025.08.09"]
[Round "6.14"]
[White "Forteza Ribot, Juan"]
[Black "Barahona Torrijos, Angel"]
[Result "0-1"]
[WhiteElo "1633"]
[BlackElo "1841"]
[WhiteFideId "-1"]
[BlackFideId "-1"]
[PlyCount "68"]
[GameId "2251261706162402"]
[EventDate "2025.08.04"]
[EventType "swiss"]
[EventRounds "9"]
[EventCountry "ESP"]
[SourceTitle "Ajedrez en Madrid"]
[Source "lmi"]
[SourceDate "2025.08.04"]
[SourceVersion "1"]
[SourceVersionDate "2025.12.11"]
[SourceQuality "1"]

1. d4 Nf6 2. Bf4 c5 3. e3 Nc6 4. c3 e6 5. Nf3 b6 6. Bd3 Bb7 7. Nbd2 Be7 8. e4 Nh5 9. Be3 cxd4 10. cxd4 Nb4 11. Bb1 Ba6 12. Ne5 Nf6 13. a3 Nc6 14. Nxc6 dxc6 15. Nf3 Ng4 16. Bf4 h5 17. h3 Nh6 18. Ne5 Bb7 19. Qxh5 Qxd4 20. Bxh6 Rxh6 21. Qxf7+ Kd8 22. Ba2 Qxe4+ 23. Kf1 Qxe5 24. Rd1+ Bd6 25. Qxb7 Rc8 26. Qf7 Rf6 27. Qg8+ Kc7 28. Qxg7+ Kb8 29. Kg1 Bc5 30. Rf1 Rcf8 31. g4 Bxf2+ 32. Kg2 Qe4+ 33. Kh2 Qf4+ 34. Kg2 Qg3# 0-1

[Event "64 Villalba CC op 10th"]
[Site "Collado Villalba ESP"]
[Date "2025.08.09"]
[Round "6.15"]
[White "De Juan Huarte, Federico"]
[Black "Del Olmo Linares, Marco"]
[Result "1-0"]
[WhiteElo "1597"]
[BlackElo "1766"]
[WhiteFideId "-1"]
[BlackFideId "-1"]
[PlyCount "77"]
[GameId "2251264109121777"]
[EventDate "2025.08.04"]
[EventType "swiss"]
[EventRounds "9"]
[EventCountry "ESP"]
[SourceTitle "Ajedrez en Madrid"]
[Source "lmi"]
[SourceDate "2025.08.04"]
[SourceVersion "1"]
[SourceVersionDate "2025.12.11"]
[SourceQuality "1"]

1. e4 c5 2. Nf3 d6 3. d4 cxd4 4. Nxd4 Nf6 5. Nc3 a6 6. Bc4 e5 7. Nf5 Be6 8. Nd5 Nxe4 9. Qg4 Qa5+ 10. b4 Nxf2 11. Kxf2 Qd8 12. Nxg7+ Kd7 13. Nxe6 fxe6 14. Bg5 Rg8 15. Bxd8 Rxg4 16. Nf6+ Kxd8 17. Nxg4 d5 18. Rad1 Bxb4 19. Nxe5 Nd7 20. Bxd5 exd5 21. Rxd5 Ke7 22. Nxd7 Ke6 23. Rhd1 Rc8 24. Re5+ Kf7 25. Re2 a5 26. Ne5+ Kf6 27. Nd3 Bd6 28. g3 h5 29. Nf4 Bc5+ 30. Kf3 h4 31. Re6+ Kf7 32. Rd7+ Kg8 33. Rg6+ Kf8 34. Ne6+ Ke8 35. Rh7 Bf8 36. Rg8 Rc3+ 37. Ke4 Rc4+ 38. Kf5 Rc5+ 39. Nxc5 1-0

[Event "64 Villalba CC op 10th"]
[Site "Collado Villalba ESP"]
[Date "2025.08.09"]
[Round "6.16"]
[White "Candeleda Mayoral, Ramon"]
[Black "Yaniz Lana, Francisco Javier"]
[Result "1/2-1/2"]
[WhiteElo "1620"]
[BlackElo "1670"]
[WhiteFideId "-1"]
[BlackFideId "-1"]
[PlyCount "102"]
[GameId "2251273123475715"]
[EventDate "2025.08.04"]
[EventType "swiss"]
[EventRounds "9"]
[EventCountry "ESP"]
[SourceTitle "Ajedrez en Madrid"]
[Source "lmi"]
[SourceDate "2025.08.04"]
[SourceVersion "1"]
[SourceVersionDate "2025.12.11"]
[SourceQuality "1"]

1. d4 Nf6 2. Nf3 g6 3. Bf4 Bg7 4. e3 O-O 5. Be2 d5 6. O-O c5 7. c3 cxd4 8. cxd4 Nh5 9. Bg5 Nc6 10. Nc3 Nf6 11. Bf4 Bf5 12. Ne5 Ne4 13. Nxc6 bxc6 14. Nxe4 Bxe4 15. Bd3 Bxd3 16. Qxd3 Qb6 17. Qd2 Rfc8 18. Rab1 h5 19. Rfc1 Kh7 20. a3 e6 21. Bd6 Qd8 22. Bc5 Qg5 23. f4 Qf5 24. Qc2 Qg4 25. h3 Qg3 26. Qf2 Qxf2+ 27. Kxf2 a5 28. h4 a4 29. Rc2 Rab8 30. Bb4 f6 31. Bd6 Rb6 32. Bc5 Ra6 33. g3 e5 34. Rbc1 e4 35. Bb4 Kh6 36. Rc5 Bf8 37. Ra5 Rxa5 38. Bxa5 Rb8 39. Rc2 Be7 40. Ke2 Kg7 41. Kd1 Kf7 42. Kc1 Rc8 43. Bb6 Ke6 44. Bc5 Bd8 45. Bb4 Bb6 46. Kd1 Kd7 47. Kc1 Bd8 48. Kd1 Rb8 49. Kc1 Bc7 50. Kb1 Ra8 51. Ka2 Ba5 1/2-1/2

[Event "64 Villalba CC op 10th"]
[Site "Collado Villalba ESP"]
[Date "2025.08.09"]
[Round "6.17"]
[White "Aguirre Vila Coro, Antonio Javier"]
[Black "Hewitt Alonso, Lucas"]
[Result "1/2-1/2"]
[WhiteElo "1709"]
[BlackElo "1475"]
[WhiteFideId "-1"]
[BlackFideId "-1"]
[PlyCount "68"]
[GameId "2252014423839433"]
[EventDate "2025.08.04"]
[EventType "swiss"]
[EventRounds "9"]
[EventCountry "ESP"]
[SourceTitle "Ajedrez en Madrid"]
[Source "lmi"]
[SourceDate "2025.08.04"]
[SourceVersion "1"]
[SourceVersionDate "2025.12.11"]
[SourceQuality "1"]

1. e4 e5 2. Nf3 Nc6 3. Bb5 a6 4. Bxc6 dxc6 5. O-O Nf6 6. Nxe5 Bd6 7. Nf3 O-O 8. e5 Bxe5 9. Nxe5 Qd6 10. d4 c5 11. Be3 cxd4 12. Bxd4 Rd8 13. c3 c5 14. Qb3 Be6 15. Nc4 Bxc4 16. Qxc4 cxd4 17. Rd1 b5 18. Qxd4 Qxd4 19. cxd4 Rd6 20. Nc3 Rad8 21. Ne2 Ng4 22. Rac1 Ne5 23. f3 Nc6 24. Kf2 Nxd4 25. Nxd4 h6 26. Ke3 Re8+ 27. Kd3 Red8 28. Ke4 Re8+ 29. Kf5 g6+ 30. Kf4 Red8 31. Ke5 Rd5+ 32. Ke4 f5+ 33. Ke3 Re8+ 34. Kd3 Red8 1/2-1/2

[Event "64 Villalba CC op 10th"]
[Site "Collado Villalba ESP"]
[Date "2025.08.09"]
[Round "6.18"]
[White "Pan, Angel Jiaye"]
[Black "Lopez Pereira, Irene"]
[Result "1-0"]
[WhiteElo "1634"]
[BlackElo "1507"]
[WhiteFideId "-1"]
[BlackFideId "-1"]
[PlyCount "73"]
[GameId "2252017212392154"]
[EventDate "2025.08.04"]
[EventType "swiss"]
[EventRounds "9"]
[EventCountry "ESP"]
[SourceTitle "Ajedrez en Madrid"]
[Source "lmi"]
[SourceDate "2025.08.04"]
[SourceVersion "1"]
[SourceVersionDate "2025.12.11"]
[SourceQuality "1"]

1. d4 d5 2. Nf3 Nf6 3. e3 e6 4. Bd3 Bd6 5. O-O O-O 6. Nbd2 c5 7. b3 Nbd7 8. Bb2 b6 9. Ne5 Bb7 10. f4 Ne4 11. Rc1 f6 12. Nxd7 Qxd7 13. c4 cxd4 14. cxd5 Nxd2 15. Qxd2 dxe3 16. Qxe3 Bc5 17. Rxc5 bxc5 18. dxe6 Rfe8 19. Qh3 Rxe6 20. Qxh7+ Kf8 21. Qh8+ Kf7 22. Qh7 Qd5 23. Bg6+ Ke7 24. Qxg7+ Kd6 25. Bf7 Qd2 26. Bxe6 Kxe6 27. f5+ Kd6 28. Qxf6+ Kc7 29. Be5+ Kd7 30. Qe6+ Kd8 31. Qd6+ Qxd6 32. Bxd6 Ke8 33. f6 Kf7 34. Bxc5 Rg8 35. g3 Rd8 36. Re1 Rd2 37. Re7+ 1-0

[Event "64 Villalba CC op 10th"]
[Site "Collado Villalba ESP"]
[Date "2025.08.09"]
[Round "6.19"]
[White "Dorado Gregorio, Javier"]
[Black "Anton Sanz, Jose Carlos"]
[Result "1/2-1/2"]
[WhiteElo "1617"]
[BlackElo "1625"]
[WhiteFideId "-1"]
[BlackFideId "-1"]
[PlyCount "74"]
[GameId "2252022121870059"]
[EventDate "2025.08.04"]
[EventType "swiss"]
[EventRounds "9"]
[EventCountry "ESP"]
[SourceTitle "Ajedrez en Madrid"]
[Source "lmi"]
[SourceDate "2025.08.04"]
[SourceVersion "1"]
[SourceVersionDate "2025.12.11"]
[SourceQuality "1"]

1. d4 Nf6 2. Bf4 e6 3. e3 b6 4. Nf3 Bb7 5. Nbd2 c5 6. c3 cxd4 7. exd4 Be7 8. Bd3 O-O 9. O-O d6 10. Bc2 Nbd7 11. Re1 Re8 12. Ne4 Qc7 13. Nxf6+ Nxf6 14. Bg5 h6 15. Bxf6 Bxf6 16. Qd3 a6 17. Rac1 b5 18. a3 Rac8 19. Bb3 Qb6 20. h3 Qa7 21. Bc2 Qa8 22. Re3 e5 23. Qh7+ Kf8 24. dxe5 dxe5 25. Rce1 Bxf3 26. Rxf3 Qc6 27. Rfe3 Qd6 28. Rd1 Qc7 29. Red3 Rcd8 30. Rxd8 Rxd8 31. Qh8+ Ke7 32. Rxd8 Qxd8 33. Qxd8+ Kxd8 34. a4 Bg5 35. axb5 axb5 36. b3 Kc7 37. Bd3 Kb6 1/2-1/2

[Event "64 Villalba CC op 10th"]
[Site "Collado Villalba ESP"]
[Date "2025.08.10"]
[Round "7.1"]
[White "Ubilava, Elizbar"]
[Black "Lorenzo Martin, Hector"]
[Result "1-0"]
[WhiteElo "2375"]
[BlackElo "1930"]
[WhiteFideId "-1"]
[BlackFideId "-1"]
[PlyCount "82"]
[GameId "2252024934338604"]
[EventDate "2025.08.04"]
[EventType "swiss"]
[EventRounds "9"]
[EventCountry "ESP"]
[SourceTitle "Ajedrez en Madrid"]
[Source "lmi"]
[SourceDate "2025.08.04"]
[SourceVersion "1"]
[SourceVersionDate "2025.12.11"]
[SourceQuality "1"]

1. Nf3 d5 2. c4 e6 3. e3 Nf6 4. b3 c5 5. Bb2 Nc6 6. cxd5 Qxd5 7. Nc3 Qd8 8. Rc1 Be7 9. Na4 Qc7 10. Bc3 Qd8 11. Nxc5 O-O 12. Be2 Nd5 13. Bb2 f5 14. O-O Bf6 15. Bxf6 Qxf6 16. d4 Rd8 17. Qc2 f4 18. Bb5 fxe3 19. Bxc6 exf2+ 20. Rxf2 Nb4 21. Qe4 Nxc6 22. Ne5 Rxd4 23. Rxf6 Rxe4 24. Nxe4 gxf6 25. Nxc6 bxc6 26. Rxc6 Bb7 27. Nxf6+ Kf7 28. Rc7+ Kxf6 29. Rxb7 h6 30. Kf2 a5 31. Ke3 Rg8 32. g3 Rg5 33. a4 Rd5 34. Rb5 Rxb5 35. axb5 Ke5 36. g4 Kd6 37. h4 Kc7 38. g5 hxg5 39. hxg5 Kb6 40. g6 Kxb5 41. g7 Kb4 1-0

[Event "64 Villalba CC op 10th"]
[Site "Collado Villalba ESP"]
[Date "2025.08.10"]
[Round "7.2"]
[White "Roa Alonso, Santiago"]
[Black "Centeno Mendoza, Julio Stefano"]
[Result "1/2-1/2"]
[WhiteElo "2349"]
[BlackElo "2118"]
[WhiteFideId "-1"]
[BlackFideId "-1"]
[PlyCount "98"]
[GameId "2252031145144651"]
[EventDate "2025.08.04"]
[EventType "swiss"]
[EventRounds "9"]
[EventCountry "ESP"]
[SourceTitle "Ajedrez en Madrid"]
[Source "lmi"]
[SourceDate "2025.08.04"]
[SourceVersion "1"]
[SourceVersionDate "2025.12.11"]
[SourceQuality "1"]

1. e4 e5 2. Nf3 Nc6 3. Bb5 a6 4. Ba4 Nf6 5. O-O b5 6. Bb3 Bc5 7. c3 Bb6 8. d4 d6 9. a4 Rb8 10. Na3 Bg4 11. axb5 axb5 12. Nxb5 Bxf3 13. gxf3 O-O 14. Kh1 exd4 15. cxd4 Nxd4 16. Nxd4 Bxd4 17. Bxf7+ Rxf7 18. Qxd4 Nh5 19. Qd5 Qh4 20. Qe6 Qf6 21. Qxf6 Rxf6 22. Ra3 Rbf8 23. Be3 Rxf3 24. Rc1 Nf6 25. Rxc7 Nxe4 26. Kg2 R3f7 27. Rxf7 Kxf7 28. Ra7+ Kg6 29. Bd4 Nf6 30. Rb7 d5 31. b4 Re8 32. b5 Re4 33. Bxf6 Kxf6 34. Rd7 d4 35. b6 d3 36. Rxd3 Rb4 37. Rd6+ Ke5 38. Rc6 g6 39. Kg3 Kd5 40. Rc7 Rxb6 41. Rxh7 Ke5 42. h4 Kf6 43. h5 Rb3+ 44. Kg4 gxh5+ 45. Rxh5 Rb4+ 46. f4 Rb1 47. Rh6+ Kg7 48. Ra6 Rb5 49. f5 Rb1 1/2-1/2

[Event "64 Villalba CC op 10th"]
[Site "Collado Villalba ESP"]
[Date "2025.08.10"]
[Round "7.3"]
[White "Elissalt Cardenas, Hector"]
[Black "Gutierrez Diaz, Pablo"]
[Result "1/2-1/2"]
[WhiteElo "2310"]
[BlackElo "2023"]
[WhiteFideId "-1"]
[BlackFideId "-1"]
[PlyCount "80"]
[GameId "2252034986983771"]
[EventDate "2025.08.04"]
[EventType "swiss"]
[EventRounds "9"]
[EventCountry "ESP"]
[SourceTitle "Ajedrez en Madrid"]
[Source "lmi"]
[SourceDate "2025.08.04"]
[SourceVersion "1"]
[SourceVersionDate "2025.12.11"]
[SourceQuality "1"]

1. d4 Nf6 2. c4 g6 3. Nc3 Bg7 4. e4 d6 5. Be2 O-O 6. g4 c5 7. d5 e6 8. g5 Ne8 9. h4 Nc7 10. h5 exd5 11. exd5 Re8 12. Kf1 Bf5 13. Nf3 Bg4 14. hxg6 hxg6 15. Ng1 Bxe2+ 16. Ngxe2 b5 17. cxb5 Qd7 18. a4 Qg4 19. Qd3 Nd7 20. f4 Nb6 21. Bd2 c4 22. Qh3 Qxh3+ 23. Rxh3 Nbxd5 24. Nxd5 Nxd5 25. Rc1 Re4 26. Nc3 Bxc3 27. bxc3 Rae8 28. Rf3 Kg7 29. a5 Rh8 30. Rf2 Rh3 31. Kg2 Rd3 32. Rb1 Re8 33. Rb2 Nxc3 34. Bxc3+ Rxc3 35. Rfd2 Rb8 36. b6 axb6 37. Rxb6 Rxb6 38. axb6 Rb3 39. Rxd6 c3 40. Rc6 c2 1/2-1/2

[Event "64 Villalba CC op 10th"]
[Site "Collado Villalba ESP"]
[Date "2025.08.10"]
[Round "7.4"]
[White "Rodriguez Melendez, Juan Humbert"]
[Black "Alvarez Guerrero, Dylan"]
[Result "1-0"]
[WhiteElo "2125"]
[BlackElo "1800"]
[WhiteFideId "-1"]
[BlackFideId "-1"]
[PlyCount "79"]
[GameId "2213601097642727"]
[EventDate "2025.08.04"]
[EventType "swiss"]
[EventRounds "9"]
[EventCountry "ESP"]
[SourceTitle "Ajedrez en Madrid"]
[Source "lmi"]
[SourceDate "2025.08.04"]
[SourceVersion "1"]
[SourceVersionDate "2025.12.11"]
[SourceQuality "1"]

1. Nf3 Nf6 2. b3 g6 3. Bb2 Bg7 4. g3 d6 5. Bg2 O-O 6. d4 Nbd7 7. O-O c5 8. c4 Rb8 9. Nc3 b6 10. Qc2 Bb7 11. d5 a6 12. Nd2 Ba8 13. a4 e6 14. e4 exd5 15. exd5 Re8 16. h3 Qc7 17. Kh2 h6 18. Rad1 Nf8 19. Qb1 Bb7 20. Qa1 Nh5 21. Bf3 Bc8 22. Kg2 Nh7 23. Rh1 Be5 24. Bg4 Ng7 25. Rde1 f5 26. Bd1 Bd7 27. Nf3 Bf6 28. Ne2 Bxb2 29. Qxb2 b5 30. axb5 axb5 31. Qc3 bxc4 32. bxc4 Nh5 33. Bc2 N7f6 34. Qd2 Kg7 35. Nf4 Nxf4+ 36. Qxf4 Qa5 37. Qxd6 Qc3 38. Re7+ Kh8 39. Nh4 Rg8 40. Rf7 1-0

[Event "64 Villalba CC op 10th"]
[Site "Collado Villalba ESP"]
[Date "2025.08.10"]
[Round "7.5"]
[White "Alvarez Lee, Felix"]
[Black "Vega De Alba, Miguel"]
[Result "1/2-1/2"]
[WhiteElo "1967"]
[BlackElo "1917"]
[WhiteFideId "-1"]
[BlackFideId "-1"]
[PlyCount "99"]
[GameId "2252150961877398"]
[EventDate "2025.08.04"]
[EventType "swiss"]
[EventRounds "9"]
[EventCountry "ESP"]
[SourceTitle "Ajedrez en Madrid"]
[Source "lmi"]
[SourceDate "2025.08.04"]
[SourceVersion "1"]
[SourceVersionDate "2025.12.11"]
[SourceQuality "1"]

1. d4 Nf6 2. c4 g6 3. Nc3 d5 4. cxd5 Nxd5 5. e4 Nxc3 6. bxc3 Bg7 7. Nf3 c5 8. Bb5+ Nc6 9. O-O a6 10. Bxc6+ bxc6 11. Qc2 Qa5 12. Rb1 O-O 13. Be3 Be6 14. a4 Rab8 15. Bf4 Rxb1 16. Rxb1 Rd8 17. Rb7 Rc8 18. h3 Qd8 19. dxc5 Qa5 20. Nd4 Qxc5 21. Nxe6 fxe6 22. Qd3 Rf8 23. Be3 Qxc3 24. Qxc3 Bxc3 25. Rxe7 Rc8 26. Rxe6 a5 27. Bc5 Bb4 28. Re5 Rd8 29. Kf1 Rd2 30. Bb6 Ra2 31. Bxa5 Rxa4 32. Bxb4 Rxb4 33. f3 Rc4 34. Re7 Rc2 35. Rc7 g5 36. e5 h5 37. e6 Kf8 38. h4 gxh4 39. f4 Rc4 40. Rf7+ Ke8 41. f5 Rg4 42. Kg1 h3 43. Rh7 Rxg2+ 44. Kh1 Rf2 45. Rxh5 h2 46. Rh8+ Ke7 47. Rh7+ Ke8 48. Rh8+ Ke7 49. Rh7+ Ke8 50. Rh8+ 1/2-1/2

[Event "64 Villalba CC op 10th"]
[Site "Collado Villalba ESP"]
[Date "2025.08.10"]
[Round "7.6"]
[White "Torres Torres, George Maycol"]
[Black "Camarero Izquierdo, Juan Carlos"]
[Result "1-0"]
[WhiteElo "1919"]
[BlackElo "1806"]
[WhiteFideId "-1"]
[BlackFideId "-1"]
[PlyCount "86"]
[GameId "2252157569028525"]
[EventDate "2025.08.04"]
[EventType "swiss"]
[EventRounds "9"]
[EventCountry "ESP"]
[SourceTitle "Ajedrez en Madrid"]
[Source "lmi"]
[SourceDate "2025.08.04"]
[SourceVersion "1"]
[SourceVersionDate "2025.12.11"]
[SourceQuality "1"]

1. e4 c5 2. Nf3 d6 3. Nc3 a6 4. d4 cxd4 5. Nxd4 e6 6. Be3 Nf6 7. f3 b5 8. Qd2 Bb7 9. Bd3 Nbd7 10. Nce2 d5 11. exd5 Nxd5 12. Bf2 Rc8 13. c3 Bd6 14. Bg3 Ne5 15. Be4 Qc7 16. Qg5 O-O 17. O-O h6 18. Qc1 Nc4 19. Bxd6 Qxd6 20. Bxd5 Bxd5 21. b3 Ne5 22. Rd1 Qe7 23. Qe3 Ng6 24. Rac1 Rc7 25. Nc2 Rfc8 26. Nb4 Bb7 27. Nd3 e5 28. b4 f5 29. Nc5 f4 30. Qd3 Nh4 31. Nxb7 Rxb7 32. g3 e4 33. Qd5+ Kh7 34. gxh4 exf3 35. Qxf3 Rb6 36. h5 Qg5+ 37. Kh1 Re6 38. Rg1 Qe7 39. Nxf4 Rf8 40. Qg3 Qb7+ 41. Rg2 Rfe8 42. Nxe6 Rxe6 43. Rf1 Qe7 1-0

[Event "64 Villalba CC op 10th"]
[Site "Collado Villalba ESP"]
[Date "2025.08.10"]
[Round "7.7"]
[White "Blanco Barrios, Aitana"]
[Black "Rodriguez Sanchez, Juan Carlos"]
[Result "1-0"]
[WhiteElo "1893"]
[BlackElo "1781"]
[WhiteFideId "-1"]
[BlackFideId "-1"]
[PlyCount "57"]
[GameId "2252190669631567"]
[EventDate "2025.08.04"]
[EventType "swiss"]
[EventRounds "9"]
[EventCountry "ESP"]
[SourceTitle "Ajedrez en Madrid"]
[Source "lmi"]
[SourceDate "2025.08.04"]
[SourceVersion "1"]
[SourceVersionDate "2025.12.11"]
[SourceQuality "1"]

1. e4 d5 2. exd5 Nf6 3. d4 Qxd5 4. Nc3 Qd8 5. h3 e6 6. Nf3 Bb4 7. Bd2 O-O 8. Bd3 Nc6 9. a3 Ba5 10. b4 Bb6 11. Be3 Re8 12. Qd2 g6 13. Ne2 e5 14. dxe5 Nxe5 15. Nxe5 Rxe5 16. Bf4 Re8 17. O-O Ne4 18. Qc1 Qh4 19. Bxe4 Rxe4 20. Bg5 Qxg5 21. Qxg5 Rxe2 22. c4 c6 23. c5 Bc7 24. Rfe1 Re6 25. Rxe6 Bxe6 26. Qe7 Rc8 27. Rd1 Bd5 28. Rxd5 cxd5 29. Qd7 1-0

[Event "64 Villalba CC op 10th"]
[Site "Collado Villalba ESP"]
[Date "2025.08.10"]
[Round "7.8"]
[White "Rajadel Rebollido, Thalia"]
[Black "Pastor Alonso De Prado, Alberto"]
[Result "0-1"]
[WhiteElo "1769"]
[BlackElo "2003"]
[WhiteFideId "-1"]
[BlackFideId "-1"]
[PlyCount "100"]
[GameId "2215601718948165"]
[EventDate "2025.08.04"]
[EventType "swiss"]
[EventRounds "9"]
[EventCountry "ESP"]
[SourceTitle "Ajedrez en Madrid"]
[Source "lmi"]
[SourceDate "2025.08.04"]
[SourceVersion "1"]
[SourceVersionDate "2025.12.11"]
[SourceQuality "1"]

1. e4 d6 2. d4 Nf6 3. Nc3 e5 4. dxe5 dxe5 5. Qxd8+ Kxd8 6. Bg5 Nbd7 7. O-O-O c6 8. Bxf6+ gxf6 9. Bc4 Ke7 10. Nge2 b5 11. Bd3 Nc5 12. Ng3 a5 13. Bxb5 Bh6+ 14. Kb1 cxb5 15. Nd5+ Kf8 16. Nb6 Rb8 17. Rd8+ Kg7 18. Nh5+ Kg6 19. Rxh8 Rxb6 20. Rxc8 Nxe4 21. Ng3 Nd2+ 22. Ka1 f5 23. Rg8+ Kf6 24. Nh5+ Ke7 25. Re1 e4 26. Ng3 Kf6 27. Nf1 Rc6 28. c3 b4 29. cxb4 axb4 30. Nxd2 Bxd2 31. Rd1 f4 32. Rd8 e3 33. fxe3 fxe3 34. Kb1 Ke5 35. R1xd2 exd2 36. Rxd2 Ke4 37. Rc2 Rf6 38. Rc4+ Kd3 39. Rc1 Rf2 40. Rg1 f5 41. Kc1 f4 42. Kb1 h5 43. h4 Kd2 44. a4 bxa3 45. bxa3 Kc3 46. Rc1+ Kb3 47. Rd1 Kxa3 48. Rd3+ Kb4 49. Rf3 Rxf3 50. gxf3 Kc3 0-1

[Event "64 Villalba CC op 10th"]
[Site "Collado Villalba ESP"]
[Date "2025.08.10"]
[Round "7.9"]
[White "Mata Medina, Andres"]
[Black "Palomino Menendez, Salvador"]
[Result "0-1"]
[WhiteElo "1870"]
[BlackElo "1980"]
[WhiteFideId "-1"]
[BlackFideId "-1"]
[PlyCount "90"]
[GameId "2252195215560867"]
[EventDate "2025.08.04"]
[EventType "swiss"]
[EventRounds "9"]
[EventCountry "ESP"]
[SourceTitle "Ajedrez en Madrid"]
[Source "lmi"]
[SourceDate "2025.08.04"]
[SourceVersion "1"]
[SourceVersionDate "2025.12.11"]
[SourceQuality "1"]

1. d4 Nf6 2. c4 b6 3. Nc3 Bb7 4. e3 e6 5. Nf3 Be7 6. b3 a6 7. Bb2 d5 8. Be2 Nbd7 9. O-O O-O 10. Rc1 c5 11. a3 Ne4 12. dxc5 bxc5 13. cxd5 Nxc3 14. Bxc3 Bxd5 15. Nd2 Bf6 16. e4 Bb7 17. Qc2 Rc8 18. Rfd1 Qc7 19. Bd3 Bxc3 20. Qxc3 Ne5 21. b4 Rfd8 22. Bf1 c4 23. Nxc4 Rxd1 24. Rxd1 Nxc4 25. Qxc4 Qxc4 26. Bxc4 Kf8 27. Bf1 Ke7 28. f3 Rc3 29. a4 g5 30. Rd4 Rb3 31. b5 a5 32. Kf2 e5 33. Rc4 Kd6 34. Kg3 h5 35. h4 g4 36. Kf2 Rb2+ 37. Kg3 Rb1 38. Bd3 Rb3 39. Bc2 Ra3 40. Kf2 gxf3 41. gxf3 f5 42. Ke2 f4 43. Bd1 Ra2+ 44. Bc2 Ra3 45. b6 Ba6 0-1

[Event "64 Villalba CC op 10th"]
[Site "Collado Villalba ESP"]
[Date "2025.08.10"]
[Round "7.10"]
[White "Armesto Robledo, Sebastian Carlos"]
[Black "Lopez de Turiso, Jose Angel"]
[Result "1/2-1/2"]
[WhiteElo "1867"]
[BlackElo "1975"]
[WhiteFideId "-1"]
[BlackFideId "-1"]
[PlyCount "76"]
[GameId "2252198991077557"]
[EventDate "2025.08.04"]
[EventType "swiss"]
[EventRounds "9"]
[EventCountry "ESP"]
[SourceTitle "Ajedrez en Madrid"]
[Source "lmi"]
[SourceDate "2025.08.04"]
[SourceVersion "1"]
[SourceVersionDate "2025.12.11"]
[SourceQuality "1"]

1. Nf3 d6 2. b3 e5 3. d3 g6 4. Bb2 Bg7 5. Nbd2 f5 6. e4 Nf6 7. g3 Nc6 8. Bg2 Bd7 9. Qe2 O-O 10. O-O Qe7 11. a3 Rae8 12. Rae1 Kh8 13. Bc1 Ng8 14. exf5 gxf5 15. Nh4 Bf6 16. Nhf3 Qg7 17. Qd1 Nge7 18. Kh1 Rg8 19. Ng1 Ref8 20. Nc4 Nd8 21. f4 Bc6 22. fxe5 Bxg2+ 23. Kxg2 dxe5 24. Qf3 f4 25. Qh5 Nf7 26. Ne2 b5 27. Nxe5 Bxe5 28. Nxf4 Bxf4 29. Bxf4 Ng6 30. Qxb5 Nxf4+ 31. Rxf4 Nd6 32. Qb4 Rxf4 33. Qxf4 Rf8 34. Qe5 Qxe5 35. Rxe5 Rf7 36. Ra5 Nc8 37. Rd5 Nd6 38. Ra5 Nc8 1/2-1/2

[Event "64 Villalba CC op 10th"]
[Site "Collado Villalba ESP"]
[Date "2025.08.10"]
[Round "7.11"]
[White "Rodriguez Del Pino, Daniel"]
[Black "De Juan Huarte, Federico"]
[Result "1-0"]
[WhiteElo "1872"]
[BlackElo "1597"]
[WhiteFideId "-1"]
[BlackFideId "-1"]
[PlyCount "55"]
[GameId "2252201752797383"]
[EventDate "2025.08.04"]
[EventType "swiss"]
[EventRounds "9"]
[EventCountry "ESP"]
[SourceTitle "Ajedrez en Madrid"]
[Source "lmi"]
[SourceDate "2025.08.04"]
[SourceVersion "1"]
[SourceVersionDate "2025.12.11"]
[SourceQuality "1"]

1. e4 c5 2. Nf3 g6 3. c3 Bg7 4. d4 cxd4 5. cxd4 Nc6 6. Nc3 d6 7. h3 Nf6 8. Be3 a6 9. d5 Nb8 10. Bd3 Nbd7 11. O-O b6 12. Rb1 Nc5 13. b4 Nxd3 14. Qxd3 a5 15. b5 Nd7 16. Nd4 Ne5 17. Qe2 Bd7 18. f4 Qc8 19. Na4 Qc4 20. Nxb6 Qxe2 21. Nxe2 Rb8 22. fxe5 Bxb5 23. Rxb5 Bxe5 24. Rfb1 Bg7 25. Nd4 Rb7 26. Nc4 Rxb5 27. Rxb5 O-O 28. Nc6 1-0